Die fragmentierte Stadt : (Record no. 70629)

MARC details
000 -LEADER
fixed length control field 06195nam a22008295i 4500
005 - DATE AND TIME OF LATEST TRANSACTION
control field 20230718140332.0
006 - FIXED-LENGTH DATA ELEMENTS--ADDITIONAL MATERIAL CHARACTERISTICS
fixed length control field m|||||o||d||||||||
007 - PHYSICAL DESCRIPTION FIXED FIELD--GENERAL INFORMATION
fixed length control field cr || ||||||||
008 - FIXED-LENGTH DATA ELEMENTS--GENERAL INFORMATION
fixed length control field 221201t20212021gw fo d z ger d
020 ## - INTERNATIONAL STANDARD BOOK NUMBER
International Standard Book Number 9783868599800
040 ## - CATALOGING SOURCE
Original cataloging agency DE-B1597
Language of cataloging eng
Transcribing agency DE-B1597
Description conventions rda
041 0# - LANGUAGE CODE
Language code of text/sound track or separate title ger
100 1# - MAIN ENTRY--PERSONAL NAME
Personal name Krusche, Jürgen,
Relator term author.
Relator code aut
-- http://id.loc.gov/vocabulary/relators/aut
245 14 - TITLE STATEMENT
Title Die fragmentierte Stadt :
Remainder of title Exklusion und Teilhabe im öffentlichen Raum /
Statement of responsibility, etc. Jürgen Krusche, Aya Domenig, Thomas Schärer, Julia Weber.
264 #1 - PRODUCTION, PUBLICATION, DISTRIBUTION, MANUFACTURE, AND COPYRIGHT NOTICE
Place of production, publication, distribution, manufacture Berlin :
Name of producer, publisher, distributor, manufacturer JOVIS Verlag GmbH,
Date of production, publication, distribution, manufacture, or copyright notice [2021]
264 #4 - PRODUCTION, PUBLICATION, DISTRIBUTION, MANUFACTURE, AND COPYRIGHT NOTICE
Date of production, publication, distribution, manufacture, or copyright notice ©2021
300 ## - PHYSICAL DESCRIPTION
Extent 1 online resource (208 p.) :
Other physical details zahlr. farb. Abb.
336 ## - CONTENT TYPE
Content type term text
Content type code txt
Source rdacontent
337 ## - MEDIA TYPE
Media type term computer
Media type code c
Source rdamedia
338 ## - CARRIER TYPE
Carrier type term online resource
Carrier type code cr
Source rdacarrier
347 ## - DIGITAL FILE CHARACTERISTICS
File type text file
Encoding format PDF
Source rda
505 00 - FORMATTED CONTENTS NOTE
Title Frontmatter --
-- Inhalt --
-- Exkursionen in die eigene / fremde / Stadt --
-- Die fragmentierte Stadt --
-- Exklusion und Teilhabe im öffentlichen Raum --
-- "Herumlungern" als eigensinnige Alltagspraxis --
-- Über Atmosphären, Fiktionen und das Nicht-Fotografieren --
-- Kira çok yüksek (Die Miete ist zu hoch) --
-- Momentaufnahmen und Lebensgeschichten --
-- Currybernd macht die Klappe zu - für immer --
-- Anhang
506 0# - RESTRICTIONS ON ACCESS NOTE
Standardized terminology for access restriction unrestricted online access
Source of term star
520 ## - SUMMARY, ETC.
Summary, etc. Wherever people live closely together, there is competition and displacement. We practically take it for granted that many public places cannot be used equally by different groups of people. This assumption goes almost unnoticed, and is counter to the ideals of a democratic, open society with equal rights for all its members. How do people who exist at the margins of society (or see themselves as existing there) experience public urban spaces? Where do they feel welcome, and where do they feel unwanted? Where, how, and why do use conflicts arise? The project Die fragmentierte Stadt-the fragmented city-pursues answers to these questions. A collection of observations, walks, and encounters that took place over the course of three years in Berlin, Graz, and Zurich form the foundation of four artistic ethnographic approaches to experiences of exclusion and appropriation strategies. Photographic, audio-visual, performance, and verbal investigations led to the development of the ideas, insights, and products introduced by the texts, images, and videos in this volume. As an enriched e-book, the ePUB includes video works by Aya Domenig and Thomas Schärer.
520 ## - SUMMARY, ETC.
Summary, etc. Wo Menschen eng zusammenleben, gibt es Konkurrenz und Verdrängung. Beinahe selbstverständlich nehmen wir hin, dass viele öffentliche Räume nicht mehr von allen Bevölkerungsgruppen gleichermaßen genutzt werden. Dies geschieht ganz unbemerkt und widerspricht dem Ideal einer demokratischen, offenen Gesellschaft mit gleichberechtigten Mitgliedern. Wie erleben Menschen, die am Rande der Gesellschaft stehen (oder sich dort sehen) öffentliche Stadträume? Wo fühlen sie sich willkommen, wo nicht? Wo, wie und warum entstehen Nutzungskonflikte? Diesen Fragen geht das Projekt Die fragmentierte Stadt nach. Über drei Jahre hinweg stattfindende Beobachtungen, Spaziergänge und Begegnungen in Berlin, Graz und Zürich bilden die Grundlage von vier künstlerisch-ethnografischen Zugängen zu Exklusionserfahrungen und Aneignungsstrategien. In fotografischen, audiovisuellen, performativen und sprachlichen Untersuchungen entstanden Gedanken, Einsichten und Produkte, welche in diesem Band in Texten, Bildern und Videos vorgestellt werden. Das ePUB enthält als Enriched E-Book Videoarbeiten von Aya Domenig und Thomas Schärer.
530 ## - ADDITIONAL PHYSICAL FORM AVAILABLE NOTE
Additional physical form available note Issued also in print.
538 ## - SYSTEM DETAILS NOTE
System details note Mode of access: Internet via World Wide Web.
540 ## - TERMS GOVERNING USE AND REPRODUCTION NOTE
Terms governing use and reproduction This eBook is made available Open Access under a CC BY-NC-ND 4.0 license:
Uniform Resource Identifier <a href="https://creativecommons.org/licenses/by-nc-nd/4.0 ">https://creativecommons.org/licenses/by-nc-nd/4.0 </a>
-- <a href="https://www.degruyter.com/dg/page/open-access-policy">https://www.degruyter.com/dg/page/open-access-policy</a>
546 ## - LANGUAGE NOTE
Language note In German.
588 0# - SOURCE OF DESCRIPTION NOTE
Source of description note Description based on online resource; title from PDF title page (publisher's Web site, viewed 01. Dez 2022)
650 #0 - SUBJECT ADDED ENTRY--TOPICAL TERM
Topical term or geographic name entry element City planning
Geographic subdivision Germany.
650 #0 - SUBJECT ADDED ENTRY--TOPICAL TERM
Topical term or geographic name entry element Space (Architecture)
Geographic subdivision Germany.
650 #4 - SUBJECT ADDED ENTRY--TOPICAL TERM
Topical term or geographic name entry element Aneignungsstrategien.
650 #4 - SUBJECT ADDED ENTRY--TOPICAL TERM
Topical term or geographic name entry element Audiovisuell.
650 #4 - SUBJECT ADDED ENTRY--TOPICAL TERM
Topical term or geographic name entry element Begegnungen.
650 #4 - SUBJECT ADDED ENTRY--TOPICAL TERM
Topical term or geographic name entry element Beobachtungen.
650 #4 - SUBJECT ADDED ENTRY--TOPICAL TERM
Topical term or geographic name entry element Berlin.
650 #4 - SUBJECT ADDED ENTRY--TOPICAL TERM
Topical term or geographic name entry element Bevölkerungsgruppen.
650 #4 - SUBJECT ADDED ENTRY--TOPICAL TERM
Topical term or geographic name entry element Exklusion.
650 #4 - SUBJECT ADDED ENTRY--TOPICAL TERM
Topical term or geographic name entry element Exklusionserfahrungen.
650 #4 - SUBJECT ADDED ENTRY--TOPICAL TERM
Topical term or geographic name entry element Fotografie.
650 #4 - SUBJECT ADDED ENTRY--TOPICAL TERM
Topical term or geographic name entry element Fotografisch.
650 #4 - SUBJECT ADDED ENTRY--TOPICAL TERM
Topical term or geographic name entry element Graz.
650 #4 - SUBJECT ADDED ENTRY--TOPICAL TERM
Topical term or geographic name entry element Nutzungskonflikte.
650 #4 - SUBJECT ADDED ENTRY--TOPICAL TERM
Topical term or geographic name entry element Performativ.
650 #4 - SUBJECT ADDED ENTRY--TOPICAL TERM
Topical term or geographic name entry element Spaziergänge.
650 #4 - SUBJECT ADDED ENTRY--TOPICAL TERM
Topical term or geographic name entry element Stadträume.
650 #4 - SUBJECT ADDED ENTRY--TOPICAL TERM
Topical term or geographic name entry element Verdrängung.
650 #4 - SUBJECT ADDED ENTRY--TOPICAL TERM
Topical term or geographic name entry element Zürich.
650 #4 - SUBJECT ADDED ENTRY--TOPICAL TERM
Topical term or geographic name entry element demokratisch.
650 #4 - SUBJECT ADDED ENTRY--TOPICAL TERM
Topical term or geographic name entry element gleichberechtigte Mitglieder.
650 #4 - SUBJECT ADDED ENTRY--TOPICAL TERM
Topical term or geographic name entry element künstlerisch-ethnografische Zugänge.
650 #4 - SUBJECT ADDED ENTRY--TOPICAL TERM
Topical term or geographic name entry element offene Gesellschaft.
650 #4 - SUBJECT ADDED ENTRY--TOPICAL TERM
Topical term or geographic name entry element sprachlichen Untersuchungen.
650 #4 - SUBJECT ADDED ENTRY--TOPICAL TERM
Topical term or geographic name entry element Öffentlicher Raum.
650 #4 - SUBJECT ADDED ENTRY--TOPICAL TERM
Topical term or geographic name entry element öffentliche Stadträume.
650 #7 - SUBJECT ADDED ENTRY--TOPICAL TERM
Topical term or geographic name entry element ARCHITECTURE / Urban & Land Use Planning.
Source of heading or term bisacsh
700 1# - ADDED ENTRY--PERSONAL NAME
Personal name Domenig, Aya,
Relator term author.
Relator code aut
-- http://id.loc.gov/vocabulary/relators/aut
700 1# - ADDED ENTRY--PERSONAL NAME
Personal name Domenig, Aya,
Relator term contributor.
Relator code ctb
-- https://id.loc.gov/vocabulary/relators/ctb
700 1# - ADDED ENTRY--PERSONAL NAME
Personal name Krusche, Jürgen,
Relator term contributor.
Relator code ctb
-- https://id.loc.gov/vocabulary/relators/ctb
700 1# - ADDED ENTRY--PERSONAL NAME
Personal name Rolshoven, Johanna,
Relator term contributor.
Relator code ctb
-- https://id.loc.gov/vocabulary/relators/ctb
700 1# - ADDED ENTRY--PERSONAL NAME
Personal name Schärer, Thomas,
Relator term author.
Relator code aut
-- http://id.loc.gov/vocabulary/relators/aut
700 1# - ADDED ENTRY--PERSONAL NAME
Personal name Schärer, Thomas,
Relator term contributor.
Relator code ctb
-- https://id.loc.gov/vocabulary/relators/ctb
700 1# - ADDED ENTRY--PERSONAL NAME
Personal name Weber, Julia,
Relator term author.
Relator code aut
-- http://id.loc.gov/vocabulary/relators/aut
700 1# - ADDED ENTRY--PERSONAL NAME
Personal name Weber, Julia,
Relator term contributor.
Relator code ctb
-- https://id.loc.gov/vocabulary/relators/ctb
776 0# - ADDITIONAL PHYSICAL FORM ENTRY
Qualifying information EPUB
International Standard Book Number 9783868599404
776 0# - ADDITIONAL PHYSICAL FORM ENTRY
Qualifying information print
International Standard Book Number 9783868596434
856 40 - ELECTRONIC LOCATION AND ACCESS
Uniform Resource Identifier <a href="https://doi.org/10.1515/9783868599800">https://doi.org/10.1515/9783868599800</a>
Public note Open Access
-- 0
856 40 - ELECTRONIC LOCATION AND ACCESS
Uniform Resource Identifier <a href="https://www.degruyter.com/isbn/9783868599800">https://www.degruyter.com/isbn/9783868599800</a>
Public note Open Access
-- 0
856 42 - ELECTRONIC LOCATION AND ACCESS
Materials specified Cover
Uniform Resource Identifier <a href="https://www.degruyter.com/document/cover/isbn/9783868599800/original">https://www.degruyter.com/document/cover/isbn/9783868599800/original</a>
942 ## - ADDED ENTRY ELEMENTS (KOHA)
Koha item type E-Book
Holdings
Withdrawn status Damaged status Not for loan Home library Current library Date acquired Total Checkouts Date last seen Price effective from Koha item type
      De Gruyter De Gruyter 12/29/2022   12/29/2022 12/29/2022 E-Book

University of Rizal System
Email us at univlibservices@urs.edu.ph

Visit our Website www.urs.edu.ph/library